000 00774nam a2200181Ia 4500
008 151202s9999||||xx |||||||||||||| ||und||
082 _bPNVM-45071
100 _aखांडगे मंदा.
245 _aस्त्री साहित्याचा मागोवा-खं.1.-(1850-1950).
260 _b"साहित्य प्रेमी भगिनी मंडळ,पुणे."
260 _c2002
300 _a313
600 _aखांडगे मंदा.
630 _aस्त्री साहित्याचा मागोवा-खं.1.-(1850-1950).
700 _aखांडगे मंदा.
730 _aस्त्री साहित्याचा मागोवा-खं.1.-(1850-1950).
942 _cBOOK
999 _c1311023
_d1311020